| 000 | 00653nam a2200193 i 4500 | ||
|---|---|---|---|
| 001 | 188861 | ||
| 003 | ES-MaACL | ||
| 005 | 20251005063141.0 | ||
| 008 | 190219s1964 sp |||| | cat d | ||
| 100 | 1 |
_aLe Breton, Auguste, _d1913-1999 _9166374 |
|
| 245 | 1 | 0 |
_aBatudes a la ciutat / _cAuguste Le Breton ; [traducció de Joan Oliver]. |
| 260 |
_aBarcelona : _bEdiciones 62, _c[1964] |
||
| 300 |
_a166 p. ; _c18 cm. |
||
| 490 | 1 |
_aCol·lecció "La Cua de Palla" ; _v18 |
|
| 700 | 1 |
_aOliver, Joan, _d1899-1986 _986815 |
|
| 830 | 0 |
_aCol·lecció "La Cua de Palla" ; _v18 _9193174 |
|
| 852 |
_aES-MaACL _jP-507-Bis-17 |
||
| 999 |
_c188861 _d188861 |
||